| 000 | 00488cam a2200193ua 4500 | ||
|---|---|---|---|
| 001 | 468 | ||
| 008 | 110406n ii |||gr||||Z||||||eng | ||
| 020 | _a81-219-0664-4 | ||
| 040 | _cMAIN | ||
| 082 | _a320.5 | ||
| 245 |
_aPolitical theory. : _bprinciples of political science. / _cBy R C Agarwal. |
||
| 250 | _a1st. | ||
| 260 |
_aNew Delhi.: _bS.chand., _c2008. |
||
| 300 | _a558 p.:6 cm. | ||
| 653 | _aPolitical science. | ||
| 653 | _aTheory. | ||
| 700 | 1 | _aAgarwall, R.C., | |
| 942 | _cBK | ||
| 999 |
_c410 _d410 |
||